000 01151nam a22002777a 4500
005 20170124103010.0
010 _aA-656394
020 _c80.00
035 _aA-656394
037 _bCen Lib/Ret
040 _aDPL
_bHN
082 _a
_bढंडर
100 _aढंड, रघुबीर
_957181
245 _aशाने-पंजाब /
_cरघुबीर ढंड ; अनुवादक सोहन ढंड [एवम] अमरीक सिंह दीप
246 _aShane-Panjab /
_bby Raghubir Dand ; anuwadak Sohan Dand [evam] Amreek Singh Deep
260 _aकानपूर कैंट
_bसाहित्य सदन
_c1992
270 _a
300 _a142पृ.
_c21सेमी(सजिल्द )
650 _aहिंदी साहित्य
_x
_z
_957182
650 _aहिंदी साहित्य--कहानियां
_942761
650 _aHindi literature
_v
_957183
650 _aHindi literature--Stories
_957184
700 _a ढंड, सोहन
_92233
700 _a दीप, अमरीक सिंह
_95807
942 _2ddc
_cHN
_h
_mढंडर
999 _c114528
_d114528